| 000 | 00927cam a22002775i 4500 | ||
|---|---|---|---|
| 999 |
_c28301 _d28272 |
||
| 001 | 1334128 | ||
| 003 | EG-ScBUE | ||
| 005 | 20200309115729.0 | ||
| 008 | 711230s1971 enkab f bs 001 0 eng d | ||
| 020 | _a0950199508 | ||
| 040 |
_aDLC _beng _erda _cDLC _dDLC _dEG-ScBUE |
||
| 043 | _ae-uk--- | ||
| 082 | 0 | 4 |
_a330.94234 _bPOW _222 |
| 100 | 1 |
_aPowell, Geoffrey Colin, _eauthor. |
|
| 245 | 1 | 0 |
_aEconomic survey of Jersey _cG. C. Powell, M. A. (CANTAB), Economic Adviser to the States of Jersey. |
| 264 | 1 |
_aSt. Helier (Jersey, C.I.) : _bStates of Jersey, _c1971. |
|
| 300 |
_a[12], 341 pages : _billustrations, map ; _c25 cm |
||
| 336 |
_atext _btxt _2rdacontent |
||
| 337 |
_aunmediated _bn _2rdamedia |
||
| 338 |
_avolume _bnc _2rdacarrier |
||
| 504 | _aIncludes bibliographical references and index. | ||
| 651 | 7 |
_aJersey _xEconomic conditions. _2BUEsh |
|
| 653 |
_bBUSECO _cMarch2020 |
||
| 942 |
_2ddc _cBB |
||